000 04931cam a22005537a 4500
005 20090121144348.0
008 040928s2004 dcuab j b 001 0 eng d
010 _aB-330334-348
020 _a9788179913031
_c55.00
035 _aB-330334-348
035 _aB-358513
037 _bPublisher
040 _adpl
_bEnglish
082 _a551.48
100 _aFinton, Nancy
245 _aWonders of water /
_cby Nancy Finton
260 _aMumbai
_bPopular Prakashan
_cc2004.
270 _a301, Mahalaxmi Chambers, 22 Bhulabhai Desai Road
_bMumbai
_e400 026
300 _a32p.
_bcol. ill., col. maps
_c23cm. (pbk)
490 _aEarth science
500 _aOriginally published by National Geographic under the reading expeditions series
504 _aIncludes bibliographical references (p. 30) and index.
520 _aDiscusses the world's finite supply of water as it circulates through the water cycle. Describes how people use water to do work, how people can conserve water, and why it's important.
650 _aWater
_vJuvenile literature.
650 _aWater-supply
_vJuvenile literature.
650 _aWater conservation
_vJuvenile literature.
710 _aNational Geographic Society (U.S.)
830 _aEarth science (National Geographic Society (U.S.))
942 _2ddc
_cCH
_h551.48
_mFIN
999 _c21992
_d21992